| 000 | 00450nam a22001577a 4500 | ||
|---|---|---|---|
| 003 | NUST | ||
| 005 | 20260408142140.0 | ||
| 008 | 260408b ||||| |||| 00| 0 eng d | ||
| 082 |
_a519.5 _bCHA |
||
| 100 |
_aSher Muhammad Chaudary. _9133993 |
||
| 245 |
_aIntroduction to Statistical Theory part 1 _cSher Muhammad Chaudary. |
||
| 260 |
_aPakistan: _bIlmi Kitab Khana, _c2009. |
||
| 300 |
_a552 p ; _c29.00 cm |
||
| 563 | _aPaperback | ||
| 942 |
_2ddc _cBK |
||
| 999 |
_c616912 _d616912 |
||